Record Details

Fairytales Time Aladdin

Mette Engell (Author).

Record details

  • ISBN: 9781786174246
  • Physical Description: Paperback
  • Publisher: Thaxted, Essex: Miles Kelly, 2018
Subject: Fairy tales--Adaptations

Available copies

  • 10 of 10 copies available at Headquarters.
Location Call Number / Copy Notes Barcode Shelving Location Status Due Date
Accra Central Library 201 jFIC/ENG 000001568028 Childrens' Fiction - CHN Available -
Lartebiokorshie Grace Library 201 jFIC/ENG 000001396072 Childrens' Fiction Available -
Lartebiokorshie Grace Library 201 jFIC/ENG 000001396089 Childrens' Fiction Available -
Lartebiokorshie Grace Library 201 jFIC/ENG 000001483925 Childrens' Fiction Available -
Lartebiokorshie Grace Library 201 jFIC/ENG 000001483994 Childrens' Fiction Available -
Lartebiokorshie Grace Library 201 jFIC/ENG 000001484007 Childrens' Fiction Available -
Lartebiokorshie Grace Library 201 jFIC/ENG 000001568066 Childrens' Fiction Available -
Tema Library 201 jFIC/ENG 000001483963 Childrens' Fiction Available -
Tema Library 201 jFIC/ENG 000001483970 Childrens' Fiction Available -
Tema Library 201 jFIC/ENG 000001483987 Childrens' Fiction Available -

No reviews or recommendations are currently available.

Loading shelf browser…

LDR 00620cam a2200205Ka 4500
00181332
003HQ
00520210610104301.0
008070101s xxkc jr 1 eng d
020 . ‡a9781786174246
037 . ‡aBook Aid
082 . ‡ajFIC/ENG
100 . ‡aMette Engell
245 . ‡aFairytales Time Aladdin
260 . ‡aThaxted, Essex: ‡bMiles Kelly, ‡c2018
300 . ‡aPaperback
650 . ‡aFairy tales--Adaptations
901 . ‡a81332 ‡bAUTOGEN ‡c81332 ‡tbiblio

Session Timeout

Your session will expire in minutes and seconds.

If you need more time, please click "Continue Session."

Session Ended

Your session has ended. Redirecting to the home page...